تخطي إلى المحتوى
حسابك
تسجيل الخروج
تسجيل الدخول
اللغة
English
Deutsch
Español
Français
Italiano
日本語
Nederlands
Português
Português (Brasil)
中文(简体)
中文(繁體)
Türkçe
עברית
Gaeilge
Cymraeg
Ελληνικά
Català
Euskara
Русский
Čeština
Suomi
Svenska
polski
Dansk
slovenščina
اللغة العربية
বাংলা
Galego
Tiếng Việt
Hrvatski
हिंदी
كل الحقول
العنوان
المؤلف
الموضوع
رقم الطلب
ردمك/تدمد
الوسم
ابحث
بحث متقدم
بحث عن
Pesticidal residves, vitamins,...
عرض للأخصائي
استشهد بهذا
أرسل هذا بالبريد الإلكتروني
طباعة
تصدير التسجيلة
تصدير إلى RefWorks
تصدير إلى EndNoteWeb
تصدير إلى EndNote
تصدير إلى MARC
تصدير إلى MARCXML
تصدير إلى RDF
تصدير إلى BibTeX
تصدير إلى RIS
أضف إلى المفضلة
Pesticidal residves, vitamins, special intrumental vitamin
محفوظ في:
التفاصيل البيبلوغرافية
التنسيق:
كتاب
اللغة:
Undetermined
الموضوعات:
Education
Programme
الوسوم:
إضافة وسم
لا توجد وسوم, كن أول من يضع وسما على هذه التسجيلة!
Thư viện lưu trữ:
Trung tâm Học liệu Trường Đại học Cần Thơ
المقتنيات
الوصف
التعليقات
مواد مشابهة
عرض للأخصائي
LEADER
00382nam a2200133Ia 4500
001
CTU_126165
008
210402s9999 xx 000 0 und d
082
|a
375.008
082
|b
P291
245
0
|a
Pesticidal residves, vitamins, special intrumental vitamin
650
|a
Education
650
|x
Programme
904
|i
Nguyên
980
|a
Trung tâm Học liệu Trường Đại học Cần Thơ
مواد مشابهة
Họ vi điều khiển 8051
بواسطة: Tống, Văn On
منشور في: (2001)
Programmable logic devices and logic controllers
بواسطة: Enrique Mandado
منشور في: (1996)
Họ vi điều khiển 8051
بواسطة: Tống Văn On
منشور في: (2001)
Requirements of vitamin A, iron folate and vitamin B12
بواسطة: OMS
Programmable logic controllers : a practical approach to IEC 61131-3 using CODESYS /
بواسطة: Hanssen, Dag Haèkon,
تحميل...